00427 a2200157 4500000002100000001000700021005001700028008004100045020001800086082002100104100001600125245006300141260003900204300001000243630001600253BKB 14562720200902170957.0  a9788132107446 a363.720954bA71S1 aKumar, Alok1 aSquatting with dignity : lessons from Indiacby Alok Kumar aNew DelhibSage Publicationsc2011 a379p. aSocial Work